| 000 | 00767cam a22002291 4500 | ||
|---|---|---|---|
| 001 | sa 66005332 | ||
| 003 | DLC | ||
| 005 | 20260227112248.0 | ||
| 008 | 861119s1964 ii 000 0 eng | ||
| 010 | _asa 66005332 | ||
| 025 | _aPL480:I-E-5657 | ||
| 035 | _a(OCoLC)14766604 | ||
| 040 |
_aDLC _cWaU _dWaU _dDLC |
||
| 042 | _apremarc | ||
| 050 | 0 | 0 |
_aHD7051 _b.R3 |
| 110 | 1 |
_aRajasthan (India). _bExpert Committee on Consumer Price Indices for Industrial Workers in Rajasthan and Linking of Dearness Allowance with Consumer Price Indices. |
|
| 245 | 0 | 0 | _aReport. |
| 260 |
_aJaipur, _bDept. of Labour & Employment, Rajasthan, _c1964. |
||
| 300 |
_a65 p. _c25 cm. |
||
| 650 | 0 |
_aCost and standard of living _zIndia _zRajasthan. |
|
| 650 | 0 |
_aPrices _zIndia _zRajasthan. |
|
| 999 |
_c69897 _d69897 |
||